Nursery Rhyme Endings Quiz Stats

 Plays Quiz Updated Dec 23, 2018

Support Sporcle.
Go Orange.
Score 0/40 Timer 03:00
1 Play Today
% Correct
Boat
96.3%
Star
96.3%
Dumpty
96.2%
Lamb
96.1%
Jill
96.1%
Away
96%
Mice
96%
Down
95.9%
Baby
95.8%
Pouring
95.8%
Spider
95.7%
Shoe
95.6%
Sheep
95.6%
Weasel
95.4%
Dub
95.1%
Dock
95.1%
Cat
94.8%
Diddle
94.2%
Bright
94.2%
Peep
93.8%
% Correct
Teapot
93.1%
Man
93%
Contrary
93%
Buns
92.8%
Built
92.5%
Of
92.3%
Nimble
91.3%
Muffet
91.1%
Eater
90.9%
Blue
90.3%
Winkie
90.1%
Porgie
90.1%
Jacques
88.7%
On
88.6%
Piggy
88.2%
Hubbard
88.2%
Dell
87.6%
Son
87.2%
Cole
87.1%
Sixpence
85.4%

From the Vault

Talk Show Host or Cartoon Character?

by christopherjulia

There's a lot of potential for role reversal here.
Remove Ads.
Support Sporcle.
Get the best of Sporcle when you Go Orange. This ad-free experience offers more features, more stats, and more fun while also helping to support Sporcle. Thank you for becoming a member.

Show Comments

Extras

Top Quizzes Today


Score Distribution

Your Account Isn't Verified!

In order to create a playlist on Sporcle, you need to verify the email address you used during registration. Go to your Sporcle Settings to finish the process.

Report this User

Report this user for behavior that violates our Community Guidelines.

Details: